Not in one's backyard (Record no. 80694)

MARC details
000 -LEADER
fixed length control field 01140cab a22002055a 4500
001 - CONTROL NUMBER
control field L145097
008 - FIXED-LENGTH DATA ELEMENTS--GENERAL INFORMATION
fixed length control field 080714e20080627xxk f v 000 0 eng d
035 ## - SYSTEM CONTROL NUMBER
System control number (Sirsi) u145097
041 0# - LANGUAGE CODE
Language code of text/sound track or separate title eng
100 1# - MAIN ENTRY--PERSONAL NAME
Personal name Ross, Jonathan
245 00 - TITLE STATEMENT
Title Not in one's backyard
Remainder of title case news
260 ## - PUBLICATION, DISTRIBUTION, ETC.
Date of publication, distribution, etc. 2008
490 #0 - SERIES STATEMENT
Series statement Property Week
Volume/sequential designation 73(26) 27 June 2008, 85(1)
520 ## - SUMMARY, ETC.
Summary, etc. See L144932
520 ## - SUMMARY, ETC.
Summary, etc. Discuss the case Tillotson, [2008] EWLands LP 56 2006, 06 June 2008. Turned around whether landlords of expensive houses could oppose the development of an exclusive estate. The Tillotsons were granted planning permission to build an additional house on the land of their current home. However, restrictive covenants limited building to just one house per land. The Tillotsons applied to the Lands Tribunal to reject the covenant as invalid or to amend it to allow the building of the extra house. Their application was rejected. The tribunal felt that the development could not be allowed as it would weaken the exclusivity of the area.
590 ## - LOCAL NOTE (RLIN)
Local note KA
651 #4 - SUBJECT ADDED ENTRY--GEOGRAPHIC NAME
Geographic name England and Wales
Chronological subdivision 1543-
690 ## - LOCAL SUBJECT ADDED ENTRY--TOPICAL TERM (OCLC, RLIN)
Topical term or geographic name as entry element Boundary disputes
9 (RLIN) 6221
942 ## - ADDED ENTRY ELEMENTS (KOHA)
Suppress in OPAC 0
Holdings
Withdrawn status Lost status Source of classification or shelving scheme Damaged status Not for loan Home library Current library Shelving location Date acquired Total Checkouts Full call number Barcode Date last seen Copy number Price effective from Koha item type
    Dewey Decimal Classification     London London Journal article 08/09/2008   L145097 145097-1001 06/08/2019 1 06/08/2019 Journal article